[Event "Niedersachsen-ch Seniors op 13th"]
[Site "Bad Bevensen"]
[Date "2010.07.09"]
[Round "4"]
[White "Schenk, Dieter"]
[Black "Spindler, Egbert"]
[Result "1-0"]
[WhiteElo "1707"]
[BlackElo "1577"]
[PlyCount "31"]
[EventDate "2010.07.06"]
[EventType "swiss"]
[EventRounds "9"]
[EventCountry "GER"]
[SourceTitle "EXT 2012"]
[Source "ChessBase"]
[SourceDate "2011.11.24"]
[SourceVersion "1"]
[SourceVersionDate "2011.11.24"]
[SourceQuality "1"]

1. e4 d5 2. exd5 Qxd5 3. d4 Bf5 4. c4 Qe4+ 5. Be2 Qc2 6. Qxc2 Bxc2 7. Nc3 e6 8. Bf4 c6 9. Rc1 Bg6 10. d5 exd5 11. cxd5 Ne7 12. dxc6 Nexc6 13. a3 a6 14. Nd5 Ra7 15. Bxb8 Nxb8 16. Rc8+ 1-0

[Event "Niedersachsen-ch Seniors op 13th"]
[Site "Bad Bevensen"]
[Date "2010.07.08"]
[Round "3"]
[White "Rychlik, Kurt"]
[Black "Schenk, Dieter"]
[Result "1-0"]
[WhiteElo "1905"]
[BlackElo "1707"]
[PlyCount "91"]
[EventDate "2010.07.06"]
[EventType "swiss"]
[EventRounds "9"]
[EventCountry "GER"]
[SourceTitle "EXT 2012"]
[Source "ChessBase"]
[SourceDate "2011.11.24"]
[SourceVersion "1"]
[SourceVersionDate "2011.11.24"]
[SourceQuality "1"]

1. c4 c5 2. Nf3 Nc6 3. Nc3 e5 4. g3 g6 5. Bg2 Bg7 6. 0-0 Nge7 7. d3 0-0 8. Rb1 d6 9. a3 a5 10. Bg5 h6 11. Bd2 Be6 12. e4 Rb8 13. Nd5 b5 14. Qc1 Kh7 15. Re1 b4 16. b3 bxa3 17. Qxa3 Nb4 18. Nxb4 axb4 19. Qc1 Nc6 20. Ra1 Ra8 21. Qb2 Qd7 22. Be3 Qb7 23. h4 f5 24. Rxa8 Rxa8 25. Ra1 Rxa1+ 26. Qxa1 Qa7 27. Qxa7 Nxa7 28. Nd2 Nc8 29. Kf1 Bf6 30. f4 exf4 31. Bxf4 Be5 32. Bxe5 dxe5 33. Nf3 f4 34. Kf2 Kg7 35. Nxe5 fxg3+ 36. Kxg3 Kf6 37. Nf3 Bd7 38. Kf4 g5+ 39. hxg5+ hxg5+ 40. Nxg5 Ba4 41. e5+ Ke7 42. Ne4 Bxb3 43. Nxc5 Bc2 44. Bc6 Nb6 45. Ke3 b3 46. Kd2 1-0

[Event "Bad Bevensen Seniors op 12th"]
[Site "Bad Bevensen"]
[Date "2009.07.15"]
[Round "9"]
[White "Oppermann, Peter"]
[Black "Schenk, Dieter"]
[Result "1-0"]
[WhiteElo "1873"]
[BlackElo "1761"]
[PlyCount "65"]
[EventDate "2009.07.07"]
[EventType "swiss"]
[EventRounds "9"]
[EventCountry "GER"]
[SourceTitle "EXT 2022"]
[Source "ChessBase"]
[SourceDate "2021.10.06"]
[SourceVersion "1"]
[SourceVersionDate "2021.10.06"]
[SourceQuality "1"]

1. d4 d5 2. e4 dxe4 3. Nc3 Nf6 4. f3 Bf5 5. Bc4 e6 6. Bg5 Bb4 7. a3 Bxc3+ 8. bxc3 Nbd7 9. g4 Bg6 10. Nh3 Nb6 11. Be2 Qd5 12. 0-0 h5 13. Bxf6 gxf6 14. Nf2 Ke7 15. Rb1 hxg4 16. Rb5 Qd6 17. Nxg4 Bf5 18. Rf2 Rag8 19. Rg2 Nd5 20. Qe1 Rh3 21. Rg3 Rgh8 22. Rxh3 Rxh3 23. Qf2 e3 24. Qg2 Nf4 25. Qf1 Nxe2+ 26. Qxe2 Qc6 27. Nxe3 Bg6 28. Kg2 Rh5 29. Rb3 a6 30. c4 Qd6 31. Kh1 b6 32. c3 Qf4 33. Nd5+ 1-0

[Event "Bad Bevensen Seniors op 12th"]
[Site "Bad Bevensen"]
[Date "2009.07.14"]
[Round "8"]
[White "Schenk, Dieter"]
[Black "Johannsen, Ingbert"]
[Result "0-1"]
[WhiteElo "1761"]
[BlackElo "1923"]
[PlyCount "104"]
[EventDate "2009.07.07"]
[EventType "swiss"]
[EventRounds "9"]
[EventCountry "GER"]
[SourceTitle "EXT 2022"]
[Source "ChessBase"]
[SourceDate "2021.10.06"]
[SourceVersion "1"]
[SourceVersionDate "2021.10.06"]
[SourceQuality "1"]

1. e4 d5 2. exd5 Qxd5 3. d4 c6 4. c4 Qa5+ 5. Nc3 Nf6 6. Nf3 Bg4 7. Be2 e6 8. 0-0 Nbd7 9. h3 Bh5 10. Bf4 Bb4 11. Qb3 0-0 12. a3 Bxc3 13. Qxc3 Qxc3 14. bxc3 h6 15. Rfe1 Ne4 16. Rac1 g5 17. Bh2 f5 18. Ne5 Be8 19. Nxd7 Bxd7 20. Bd3 Nf6 21. Be5 Rae8 22. Be2 Bc8 23. Rc2 Kf7 24. g3 Rd8 25. Kg2 Rh8 26. Rh1 h5 27. h4 g4 28. Bd3 Rhe8 29. Re1 Nh7 30. Rce2 Nf8 31. Bf4 b6 32. Rb2 c5 33. d5 Bb7 34. Kg1 exd5 35. Rxe8 Rxe8 36. Be3 Ba6 37. Bxf5 Bxc4 38. Rd2 Ne6 39. Bxe6+ Rxe6 40. Rd1 Re4 41. Kh2 Bb3 42. Re1 Ra4 43. Bc1 d4 44. cxd4 Rxd4 45. Be3 Rd3 46. Bg5 Bd5 47. Bc1 Bf3 48. Kg1 c4 49. Bb2 b5 50. Rc1 Rb3 51. Rc2 c3 52. Bc1 Bd1 0-1

[Event "Bad Bevensen Seniors op 12th"]
[Site "Bad Bevensen"]
[Date "2009.07.11"]
[Round "5"]
[White "Hartlaub, Marianne"]
[Black "Schenk, Dieter"]
[Result "0-1"]
[WhiteElo "1538"]
[BlackElo "1761"]
[PlyCount "104"]
[EventDate "2009.07.07"]
[EventType "swiss"]
[EventRounds "9"]
[EventCountry "GER"]
[SourceTitle "EXT 2022"]
[Source "ChessBase"]
[SourceDate "2021.10.06"]
[SourceVersion "1"]
[SourceVersionDate "2021.10.06"]
[SourceQuality "1"]

1. Nf3 d5 2. c4 e6 3. g3 Nf6 4. Bg2 c5 5. e3 Nc6 6. b3 g6 7. Bb2 Bg7 8. Qe2 0-0 9. 0-0 d4 10. exd4 cxd4 11. d3 Re8 12. h3 e5 13. Ng5 Nh5 14. Re1 Qxg5 15. Nd2 Qe7 16. Kh2 f5 17. Bf3 Nf6 18. a4 a5 19. Bxc6 bxc6 20. Bxd4 Nd7 21. f4 Kf8 22. Qf2 Qd6 23. fxe5 Bxe5 24. Nf3 Bxd4 25. Rxe8+ Kxe8 26. Nxd4 Nc5 27. Re1+ Kf7 28. Qe3 Bd7 29. Nf3 Re8 30. Ne5+ Rxe5 31. Qxe5 Qxe5 32. Rxe5 Nxb3 33. c5 Kf6 34. Re3 Nxc5 35. d4 Ne4 36. Kg2 Ke6 37. Kf3 Kd5 38. Rd3 Kc4 39. Rd1 Nc3 40. Re1 Nd5 41. Rb1 Kxd4 42. Rb7 Nf6 43. Ra7 Kc5 44. Rxa5+ Kb6 45. Ra8 c5 46. Rf8 Nd5 47. Rd8 Bxa4 48. Rd6+ Bc6 49. Kf2 c4 50. Ke2 Kb5 51. Rd8 c3 52. Kd1 Kc4 0-1

[Event "Bad Bevensen Seniors op 12th"]
[Site "Bad Bevensen"]
[Date "2009.07.09"]
[Round "3"]
[White "Fister, Horst Lothar"]
[Black "Schenk, Dieter"]
[Result "0-1"]
[WhiteElo "1368"]
[BlackElo "1761"]
[PlyCount "34"]
[EventDate "2009.07.07"]
[EventType "swiss"]
[EventRounds "9"]
[EventCountry "GER"]
[SourceTitle "EXT 2022"]
[Source "ChessBase"]
[SourceDate "2021.10.06"]
[SourceVersion "1"]
[SourceVersionDate "2021.10.06"]
[SourceQuality "1"]

1. Nf3 d5 2. g3 Nc6 3. Bg2 e5 4. d3 f5 5. e3 Nf6 6. 0-0 Bd6 7. Nbd2 0-0 8. Re1 e4 9. dxe4 fxe4 10. Nd4 Ne5 11. h3 c5 12. Ne2 Bd7 13. Nf4 g5 14. Ne2 Qc8 15. Nf1 Bxh3 16. Nc3 Bg4 17. Qd2 Nc4 0-1

[Event "Bad Bevensen Seniors op 12th"]
[Site "Bad Bevensen"]
[Date "2009.07.08"]
[Round "2"]
[White "Schenk, Dieter"]
[Black "Heimberg, Guenter"]
[Result "1-0"]
[WhiteElo "1761"]
[BlackElo "1549"]
[PlyCount "74"]
[EventDate "2009.07.07"]
[EventType "swiss"]
[EventRounds "9"]
[EventCountry "GER"]
[SourceTitle "EXT 2022"]
[Source "ChessBase"]
[SourceDate "2021.10.06"]
[SourceVersion "1"]
[SourceVersionDate "2021.10.06"]
[SourceQuality "1"]

1. e4 e6 2. d4 d5 3. exd5 exd5 4. Nf3 Nf6 5. c4 Bg4 6. Be2 dxc4 7. Bxc4 Bb4+ 8. Nc3 0-0 9. 0-0 c6 10. a3 Ba5 11. Be3 Bb6 12. h3 Bh5 13. g4 Bg6 14. Bg5 h6 15. Bh4 Qd6 16. Bg3 Qd8 17. Re1 Bc7 18. Bh4 Qd6 19. Ne5 Kh7 20. Bg3 Qd8 21. Qf3 Nbd7 22. Rad1 Nb6 23. Ba2 Nbd5 24. h4 Kg8 25. Nxd5 Nxd5 26. Nxg6 fxg6 27. Bxc7 Rxf3 28. Bxd8 Rxd8 29. Kg2 Rf6 30. Re7 Rf7 31. Re5 Kf8 32. Bxd5 cxd5 33. Rde1 Rf4 34. Kg3 Rxd4 35. Re7 Rd3+ 36. f3 Rb3 37. Rc7 Rd6 1-0

[Event "Bad Bevensen Seniors op 12th"]
[Site "Bad Bevensen"]
[Date "2009.07.07"]
[Round "1"]
[White "Schippan, Bernhard"]
[Black "Schenk, Dieter"]
[Result "1-0"]
[WhiteElo "2233"]
[BlackElo "1761"]
[PlyCount "91"]
[EventDate "2009.07.07"]
[EventType "swiss"]
[EventRounds "9"]
[EventCountry "GER"]
[SourceTitle "EXT 2022"]
[Source "ChessBase"]
[SourceDate "2021.10.06"]
[SourceVersion "1"]
[SourceVersionDate "2021.10.06"]
[SourceQuality "1"]

1. e4 Nf6 2. e5 Nd5 3. Nc3 e6 4. d4 d6 5. Nf3 Nc6 6. Ne4 Be7 7. c3 h6 8. Bd3 Nb6 9. Qe2 dxe5 10. dxe5 Na4 11. 0-0 Nc5 12. Nxc5 Bxc5 13. Rd1 Qe7 14. b4 Bb6 15. a4 a6 16. Ba3 Nb8 17. Qe4 c5 18. Qg4 Qf8 19. bxc5 Bxc5 20. Bxc5 Qxc5 21. Qxg7 Qf8 22. Qxf8+ Rxf8 23. Nd2 Bd7 24. Ne4 Bc6 25. Nf6+ Ke7 26. Be4 Bxe4 27. Nxe4 Nc6 28. Rab1 Rab8 29. f4 Rfc8 30. Rd3 Na5 31. Nd6 Rc7 32. Rh3 Rh8 33. Rg3 Kf8 34. Rb4 Rg8 35. Rxg8+ Kxg8 36. c4 Kf8 37. Kf2 Ke7 38. Ke3 f5 39. Kd3 Kd7 40. Rb6 Rc6 41. Rxc6 Kxc6 42. Nf7 h5 43. Ng5 Kd7 44. Kc3 Nc6 45. g3 b6 46. Nh7 1-0

[Event "Brandenburg-ch Seniors 18th"]
[Site "Rowy"]
[Date "2009.06.25"]
[Round "4"]
[White "Schenk, Dieter"]
[Black "Peter, Volkhard"]
[Result "1-0"]
[WhiteElo "1760"]
[BlackElo "1648"]
[PlyCount "69"]
[EventDate "2009.06.22"]
[EventType "swiss"]
[EventRounds "9"]
[EventCountry "POL"]
[SourceTitle "EXT 2022"]
[Source "ChessBase"]
[SourceDate "2021.10.06"]
[SourceVersion "1"]
[SourceVersionDate "2021.10.06"]
[SourceQuality "1"]

1. e4 e5 2. d4 exd4 3. Qxd4 Nc6 4. Qe3 Nf6 5. Bd2 Bb4 6. Nc3 0-0 7. 0-0-0 Re8 8. Qg3 Nxe4 9. Nxe4 Rxe4 10. Bh6 Qf6 11. Bg5 Qg6 12. Bd3 d5 13. Bxe4 dxe4 14. Ne2 Bd6 15. Bf4 Bg4 16. f3 exf3 17. gxf3 Nb4 18. Rd2 Bf5 19. Qxg6 Bxg6 20. a3 Bxf4 21. Nxf4 Nc6 22. Re1 f6 23. Rd7 Rc8 24. Nd5 Kf8 25. Rxc7 Rd8 26. Ne7 Bh5 27. Nxc6 bxc6 28. Re3 Bg6 29. Rxc6 Be8 30. Rc7 a5 31. Ree7 Bb5 32. c4 Re8 33. Rxe8+ Bxe8 34. b4 axb4 35. axb4 1-0

[Event "Niedersachsen-ch Seniors op 11th"]
[Site "Bad Bevensen"]
[Date "2008.07.15"]
[Round "8"]
[White "Goldinger, Josef"]
[Black "Schenk, Dieter"]
[Result "1-0"]
[WhiteElo "1772"]
[BlackElo "1806"]
[PlyCount "63"]
[EventDate "2008.07.08"]
[EventType "swiss"]
[EventRounds "9"]
[EventCountry "GER"]
[SourceTitle "EXT 2022"]
[Source "ChessBase"]
[SourceDate "2021.10.06"]
[SourceVersion "1"]
[SourceVersionDate "2021.10.06"]
[SourceQuality "1"]

1. e4 Nf6 2. e5 Nd5 3. c4 Nb6 4. c5 Nd5 5. Nc3 c6 6. Nxd5 cxd5 7. d4 d6 8. cxd6 exd6 9. Bb5+ Nc6 10. Bd2 dxe5 11. dxe5 Bd7 12. Bxc6 Bxc6 13. Nf3 Bb5 14. Nd4 Qb6 15. Qb3 Bc6 16. Qxb6 axb6 17. 0-0 Bc5 18. Bc3 0-0 19. b4 Be7 20. Nf5 Rfe8 21. Nxe7+ Rxe7 22. f4 Rd7 23. Bd4 Bb5 24. Rfc1 Bc4 25. Bxb6 g6 26. a4 Bb3 27. Ra3 Bc4 28. a5 Re8 29. Rac3 Re6 30. Rd1 Rc6 31. Bc5 Rdc7 32. Rxc4 1-0

[Event "Niedersachsen-ch Seniors op 11th"]
[Site "Bad Bevensen"]
[Date "2008.07.14"]
[Round "7"]
[White "Schenk, Dieter"]
[Black "Spindler, Egbert"]
[Result "1-0"]
[WhiteElo "1806"]
[BlackElo "1708"]
[PlyCount "25"]
[EventDate "2008.07.08"]
[EventType "swiss"]
[EventRounds "9"]
[EventCountry "GER"]
[SourceTitle "EXT 2022"]
[Source "ChessBase"]
[SourceDate "2021.10.06"]
[SourceVersion "1"]
[SourceVersionDate "2021.10.06"]
[SourceQuality "1"]

1. e4 e5 2. d4 exd4 3. Qxd4 Nc6 4. Qe3 b6 5. Nc3 Bc5 6. Qg3 Bf8 7. Bf4 d6 8. 0-0-0 Nf6 9. Be2 Qe7 10. Nf3 Bd7 11. Nd4 Nxe4 12. Nxe4 Qxe4 13. Bf3 1-0

[Event "Niedersachsen-ch Seniors op 11th"]
[Site "Bad Bevensen"]
[Date "2008.07.10"]
[Round "3"]
[White "Schenk, Dieter"]
[Black "Kempen, Willi"]
[Result "1/2-1/2"]
[WhiteElo "1806"]
[BlackElo "1975"]
[PlyCount "44"]
[EventDate "2008.07.08"]
[EventType "swiss"]
[EventRounds "9"]
[EventCountry "GER"]
[SourceTitle "EXT 2022"]
[Source "ChessBase"]
[SourceDate "2021.10.06"]
[SourceVersion "1"]
[SourceVersionDate "2021.10.06"]
[SourceQuality "1"]

1. e4 e5 2. Nf3 Nc6 3. Be2 Nf6 4. d3 h6 5. Nbd2 d5 6. c3 Be6 7. 0-0 Qd7 8. b4 Bd6 9. Qc2 0-0 10. Re1 Ne7 11. Bb2 Ng6 12. Bf1 dxe4 13. dxe4 Rae8 14. a3 c5 15. Rad1 Qc7 16. Nc4 Bxc4 17. Bxc4 cxb4 18. cxb4 Rc8 19. Rc1 Qe7 20. Qa4 Bb8 21. Qb3 Nd7 22. g3 Nb6 1/2-1/2

[Event "Brandenburg Seniors op 16th"]
[Site "Rowy"]
[Date "2007.06.22"]
[Round "4"]
[White "Kohl, Kurt"]
[Black "Schenk, Dieter"]
[Result "1/2-1/2"]
[WhiteElo "1965"]
[BlackElo "1987"]
[PlyCount "116"]
[EventDate "2007.06.18"]
[EventType "swiss"]
[EventRounds "9"]
[EventCountry "POL"]
[SourceTitle "EXT 2011"]
[Source "ChessBase"]
[SourceDate "2010.11.26"]
[SourceVersion "1"]
[SourceVersionDate "2010.11.26"]
[SourceQuality "1"]

1. e4 Nf6 2. Nc3 d5 3. exd5 Nxd5 4. Nxd5 Qxd5 5. d4 Nc6 6. c3 e5 7. dxe5 Qxd1+ 8. Kxd1 Nxe5 9. Bf4 Bd6 10. Bxe5 Bxe5 11. Bd3 Be6 12. Kc2 0-0-0 13. Ne2 c5 14. f4 Bc7 15. Rhe1 Bg4 16. g3 h5 17. Ng1 h4 18. h3 Bd7 19. Re7 Be6 20. Be4 hxg3 21. f5 Rd7 22. Rxd7 Bxd7 23. Rd1 Re8 24. Bxb7+ Kxb7 25. Rxd7 Re1 26. Rd1 Rxd1 27. Kxd1 Kc6 28. Ke2 Kd5 29. Kf3 Kc4 30. Ke3 a5 31. Ne2 g2 32. b3+ Kd5 33. Kf2 Ke5 34. Kxg2 Kxf5 35. Kf3 Kg5 36. c4 f5 37. Nc1 Be5 38. Nd3 Bd4 39. Nf4 Kf6 40. Nd3 g5 41. Ne1 Ke6 42. Nd3 Kd6 43. a4 Bf6 44. Nf2 Ke5 45. Ke3 f4+ 46. Kd3 Kf5 47. Ne4 Bd4 48. Nd6+ Kg6 49. Ke4 Kh5 50. Nf5 Bg1 51. Kf3 Bd4 52. Ke4 Bf2 53. Kf3 Be1 54. Ke4 g4 55. hxg4+ Kxg4 56. Nh6+ Kg3 57. Nf5+ Kf2 58. Nh4 Bc3 1/2-1/2

[Event "Brandenburg Seniors op 16th"]
[Site "Rowy"]
[Date "2007.06.20"]
[Round "3"]
[White "Schenk, Dieter"]
[Black "Troeger, Rainer"]
[Result "0-1"]
[WhiteElo "1987"]
[BlackElo "2200"]
[PlyCount "26"]
[EventDate "2007.06.18"]
[EventType "swiss"]
[EventRounds "9"]
[EventCountry "POL"]
[SourceTitle "EXT 2011"]
[Source "ChessBase"]
[SourceDate "2010.11.26"]
[SourceVersion "1"]
[SourceVersionDate "2010.11.26"]
[SourceQuality "1"]

1. e4 g6 2. d4 Bg7 3. Nc3 c5 4. Be3 Qa5 5. Qd2 cxd4 6. Bxd4 Bxd4 7. Qxd4 Nf6 8. Nf3 Nc6 9. Qd2 d6 10. 0-0-0 Be6 11. a3 Rc8 12. Kb1 a6 13. Nd5 Nxe4 0-1

[Event "Brandenburg Seniors op 16th"]
[Site "Rowy"]
[Date "2007.06.19"]
[Round "2"]
[White "Ollek, Karl Heinz"]
[Black "Schenk, Dieter"]
[Result "0-1"]
[WhiteElo "1866"]
[BlackElo "1987"]
[PlyCount "104"]
[EventDate "2007.06.18"]
[EventType "swiss"]
[EventRounds "9"]
[EventCountry "POL"]
[SourceTitle "EXT 2011"]
[Source "ChessBase"]
[SourceDate "2010.11.26"]
[SourceVersion "1"]
[SourceVersionDate "2010.11.26"]
[SourceQuality "1"]

1. Nf3 d5 2. g3 Nc6 3. Bg2 e5 4. d3 f5 5. e4 dxe4 6. dxe4 Qxd1+ 7. Kxd1 fxe4 8. Ng5 Bg4+ 9. f3 exf3 10. Bxf3 Bxf3+ 11. Nxf3 0-0-0+ 12. Ke2 h6 13. c3 Nf6 14. Be3 Ng4 15. Nbd2 Nxe3 16. Kxe3 Bc5+ 17. Ke4 g5 18. Rad1 b5 19. Nb3 Bb6 20. Rxd8+ Rxd8 21. Re1 a5 22. g4 Rf8 23. Nbd2 Kb7 24. Kd5 Rd8+ 25. Ke6 Bc5 26. Ne4 Bd6 27. Nfd2 Re8+ 28. Kf7 Rf8+ 29. Kg6 Rf4 30. h3 Bf8 31. Rf1 Ne7+ 32. Kh5 Nd5 33. h4 gxh4 34. Rxf4 Nxf4+ 35. Kxh4 Kc6 36. Kg3 Kd5 37. b3 b4 38. c4+ Kd4 39. Kf3 Nd3 40. g5 hxg5 41. Nxg5 Kc3 42. Nde4+ Kb2 43. Ne6 Bd6 44. Ke3 Nf4 45. N6c5 Kxa2 46. Nb7 Kxb3 47. Nxa5+ Ka4 48. Nb7 b3 49. c5 Bf8 50. Kd2 Ka3 51. Kc1 Nd3+ 52. Kb1 Kb4 0-1

[Event "GER-ch Seniors 18th"]
[Site "Dresden"]
[Date "2006.07.28"]
[Round "7"]
[White "Eiselt, Peter"]
[Black "Schenk, Dieter"]
[Result "1-0"]
[WhiteElo "1835"]
[BlackElo "1864"]
[PlyCount "35"]
[EventDate "2006.07.22"]
[EventType "swiss"]
[EventRounds "9"]
[EventCountry "GER"]
[SourceTitle "EXT 2022"]
[Source "ChessBase"]
[SourceDate "2021.10.06"]
[SourceVersion "1"]
[SourceVersionDate "2021.10.06"]
[SourceQuality "1"]

1. c4 c5 2. Nf3 Nc6 3. Nc3 e5 4. e3 g6 5. d4 cxd4 6. exd4 exd4 7. Nd5 Bg7 8. Bg5 f6 9. Bf4 d6 10. Nxd4 Nge7 11. Nb5 Nxd5 12. Qxd5 Qe7+ 13. Be2 Be6 14. Qd3 Ne5 15. Nxd6+ Kf8 16. Bxe5 fxe5 17. c5 b6 18. Qf3+ 1-0

[Event "Brandenburg Seniors op 15th"]
[Site "Rowy"]
[Date "2006.06.28"]
[Round "9"]
[White "Schenk, Dieter"]
[Black "Sube, Guenter"]
[Result "1/2-1/2"]
[WhiteElo "1868"]
[BlackElo "1676"]
[PlyCount "134"]
[EventDate "2006.06.19"]
[EventType "swiss"]
[EventRounds "9"]
[EventCountry "POL"]
[SourceTitle "EXT 2007"]
[Source "ChessBase"]
[SourceDate "2006.11.23"]
[SourceVersion "1"]
[SourceVersionDate "2006.11.23"]
[SourceQuality "1"]

1. e4 e6 2. d4 d5 3. e5 c5 4. c3 Nc6 5. Nf3 Qc7 6. a3 Bd7 7. b4 cxb4 8. cxb4 a6 9. Bb2 Be7 10. Nc3 Rc8 11. Rc1 Qd8 12. Bd3 f5 13. exf6 Nxf6 14. Na4 0-0 15. Nc5 Bxc5 16. Rxc5 Be8 17. 0-0 Nd7 18. Rc2 Qf6 19. Re1 Bh5 20. Re3 Kh8 21. Qe1 Rfe8 22. Rce2 Nd8 23. Rc2 Nc6 24. Qc1 Ne7 25. Rc7 Nf8 26. b5 axb5 27. Bxb5 Nc6 28. Rxc8 Rxc8 29. Rc3 Bxf3 30. Rxf3 Qd8 31. Qf4 Ng6 32. Qf7 Qe7 33. Bd3 Rf8 34. Qxe7 Ncxe7 35. Re3 Nf4 36. Bb5 Nc6 37. f3 Nd8 38. g3 Nh3+ 39. Kg2 Ng5 40. h4 Ngf7 41. Bd7 Nd6 42. Rb3 Rf7 43. Bb5 Rc7 44. Bd3 Kg8 45. Bc3 Nc6 46. Kf2 Nf5 47. Bxf5 exf5 48. Ke3 Kf7 49. Kf4 Kf6 50. g4 fxg4 51. fxg4 Rf7 52. g5+ Ke6+ 53. Kg4 g6 54. Rb6 Rc7 55. Bd2 Kf7 56. Bf4 Rd7 57. Be5 Nxe5+ 58. dxe5 Ke7 59. Kf4 d4 60. e6 Rd8 61. Ke5 d3 62. Rxb7+ Ke8 63. Rb1 d2 64. Rd1 Ke7 65. Ke4 Kxe6 66. Ke3 Ra8 67. Rxd2 Rxa3+ 1/2-1/2

[Event "Bad Woerishofen Seniors opA 22th"]
[Site "Bad Woerishofen"]
[Date "2006.03.24"]
[Round "8"]
[White "Schueler, Wolfgang"]
[Black "Schenk, Dieter"]
[Result "1-0"]
[WhiteElo "1957"]
[BlackElo "1831"]
[PlyCount "65"]
[EventDate "2006.03.17"]
[EventType "swiss"]
[EventRounds "9"]
[EventCountry "GER"]
[SourceTitle "EXT 2022"]
[Source "ChessBase"]
[SourceDate "2021.10.06"]
[SourceVersion "1"]
[SourceVersionDate "2021.10.06"]
[SourceQuality "1"]

1. e4 Nf6 2. e5 Nd5 3. d4 d6 4. Nf3 g6 5. exd6 cxd6 6. Bc4 Nf6 7. c3 Bg7 8. 0-0 0-0 9. Re1 Qc7 10. Bb3 Nc6 11. Nbd2 Bf5 12. Nf1 e5 13. Ne3 Bd7 14. dxe5 dxe5 15. h3 Rad8 16. Qe2 e4 17. Nd2 Ne5 18. Nef1 Nd3 19. Rd1 Bc6 20. Nc4 b5 21. Nce3 Rd7 22. Qc2 Rfd8 23. Bd2 Nf4 24. a4 a6 25. axb5 Bxb5 26. c4 Ne2+ 27. Kh1 Nd4 28. Qc3 Nxb3 29. Qxb3 Rd3 30. Qc2 Bc6 31. Ba5 Rxd1 32. Bxc7 Rxa1 33. Bxd8 1-0

[Event "Bad Woerishofen Seniors opA 22th"]
[Site "Bad Woerishofen"]
[Date "2006.03.19"]
[Round "3"]
[White "Borger, Martin"]
[Black "Schenk, Dieter"]
[Result "1/2-1/2"]
[WhiteElo "1715"]
[BlackElo "1831"]
[PlyCount "36"]
[EventDate "2006.03.17"]
[EventType "swiss"]
[EventRounds "9"]
[EventCountry "GER"]
[SourceTitle "EXT 2022"]
[Source "ChessBase"]
[SourceDate "2021.10.06"]
[SourceVersion "1"]
[SourceVersionDate "2021.10.06"]
[SourceQuality "1"]

1. e4 Nf6 2. e5 Nd5 3. d4 d6 4. Nf3 g6 5. h3 Bg7 6. Bc4 Nb6 7. Bb3 Nc6 8. exd6 cxd6 9. c3 0-0 10. 0-0 Bf5 11. Bf4 e5 12. dxe5 dxe5 13. Be3 Qc7 14. Na3 Rad8 15. Qc1 Bd3 16. Re1 e4 17. Nd2 Nd5 18. Bxd5 Rxd5 1/2-1/2

[Event "Brandenburg Seniors op 14th"]
[Site "Rowy"]
[Date "2005.06.27"]
[Round "7"]
[White "Casny, Guenter"]
[Black "Schenk, Dieter"]
[Result "1-0"]
[WhiteElo "1745"]
[BlackElo "2043"]
[PlyCount "79"]
[EventDate "2005.06.20"]
[EventType "swiss"]
[EventRounds "9"]
[EventCountry "POL"]
[SourceTitle "EXT 2007"]
[Source "ChessBase"]
[SourceDate "2006.11.23"]
[SourceVersion "1"]
[SourceVersionDate "2006.11.23"]
[SourceQuality "1"]

1. e4 Nf6 2. Nc3 d5 3. exd5 Nxd5 4. Qf3 Nf6 5. h3 Nc6 6. Bb5 Bd7 7. Nge2 e5 8. a3 Bd6 9. d3 0-0 10. Bg5 Nd4 11. Nxd4 exd4 12. Bxd7 Qxd7 13. Bxf6 gxf6 14. Ne4 Rfe8 15. 0-0 Be5 16. Nxf6+ Bxf6 17. Qxf6 Re6 18. Qf5 Rae8 19. Rae1 Qc6 20. Rxe6 Rxe6 21. Qg5+ Rg6 22. Qd8+ Kg7 23. Qxd4+ f6 24. g3 Qf3 25. Qe4 Qh5 26. Kg2 Qb5 27. b3 Rg5 28. Qe7+ Kg6 29. Qe1 Rc5 30. Qe4+ Kh6 31. a4 Qd7 32. Qe3+ Rg5 33. h4 Qc6+ 34. f3 Qxc2+ 35. Rf2 Qxb3 36. hxg5+ Kg6 37. gxf6 Qxa4 38. Qe7 Qb3 39. Qg7+ Kf5 40. g4+ 1-0

[Event "Brandenburg Seniors op 14th"]
[Site "Rowy"]
[Date "2005.06.26"]
[Round "6"]
[White "Schenk, Dieter"]
[Black "Fietzek, Georg"]
[Result "0-1"]
[WhiteElo "2043"]
[BlackElo "1804"]
[PlyCount "90"]
[EventDate "2005.06.20"]
[EventType "swiss"]
[EventRounds "9"]
[EventCountry "POL"]
[SourceTitle "EXT 2007"]
[Source "ChessBase"]
[SourceDate "2006.11.23"]
[SourceVersion "1"]
[SourceVersionDate "2006.11.23"]
[SourceQuality "1"]

1. e4 c6 2. d4 d5 3. exd5 cxd5 4. c4 e6 5. Nc3 Nf6 6. Bf4 Bd6 7. Bxd6 Qxd6 8. c5 Qd8 9. b4 Nc6 10. Bb5 0-0 11. Bxc6 bxc6 12. Nf3 Ne4 13. Qc2 Nxc3 14. Qxc3 Ba6 15. a4 f6 16. Kd2 e5 17. Rab1 Bc4 18. Ne1 e4 19. Nc2 a6 20. Qe3 Qc7 21. f4 exf3 22. Qxf3 Rfe8 23. Rhe1 Qxh2 24. Ne3 Qh6 25. Kc3 Qh4 26. Rh1 Qg5 27. Nxc4 dxc4 28. Kxc4 Qd2 29. Qd3 Qa2+ 30. Kc3 f5 31. Qc4+ Qxc4+ 32. Kxc4 Re4 33. b5 axb5+ 34. axb5 Ra4+ 35. Kb3 cxb5 36. c6 Re3+ 37. Kc2 Rxd4 38. Rxb5 Rc4+ 39. Kd2 Re6 40. Rb8+ Kf7 41. Rb7+ Kg6 42. Rh3 Rexc6 43. Re3 Rc2+ 44. Ke1 Rxg2 45. Ree7 Rc1# 0-1

[Event "EU-chT Seniors 07th"]
[Site "Dresden"]
[Date "2005.02.23"]
[Round "6"]
[White "Chaikovskaia, Alla"]
[Black "Schenk, Dieter"]
[Result "1-0"]
[WhiteElo "2031"]
[BlackElo "2000"]
[PlyCount "55"]
[EventDate "2005.02.18"]
[EventType "team-swiss"]
[EventRounds "8"]
[EventCountry "GER"]
[SourceTitle "EXT 2006"]
[Source "ChessBase"]
[SourceDate "2005.11.24"]
[SourceVersion "1"]
[SourceVersionDate "2005.11.24"]
[SourceQuality "1"]

1. d4 d5 2. c4 e6 3. Nc3 c6 4. Nf3 dxc4 5. a4 Bb4 6. Bd2 b5 7. e3 a5 8. Ne5 Bb7 9. Qg4 Qf6 10. Be2 Ne7 11. 0-0 Ng6 12. Ne4 Qe7 13. Bxb4 axb4 14. Nxg6 hxg6 15. Nc5 Bc8 16. axb5 Rxa1 17. Rxa1 Qc7 18. Qg3 Qxg3 19. hxg3 0-0 20. bxc6 Nxc6 21. Bxc4 Rd8 22. f3 Kf8 23. Kf2 Ke7 24. Bb5 Bd7 25. Nxd7 Kxd7 26. Rc1 Rc8 27. Ke2 Kd6 28. Bxc6 1-0